Themed Trivia II Quiz Stats

Quiz Updated Jun 30, 2016

Also try: Themed Trivia
Challenge
Share
Tweet
Embed
Score 0/26 Timer 05:00
2 Plays Today
Clue Answer % Correct
The Japanese art of paper foldingORIGAMI
91.1%
Tablets that Moses brought down from Mt. SinaiTEN COMMANDMENTS
90.1%
The bride tosses this at a wedding and prospective brides try to catch itBOUQUET
86.6%
S'more ingredient that is roastedMARSHMALLOW
86.5%
What to say to someone who has just graduated or gotten marriedCONGRATULATIONS
85%
Every February 2, this type of animal looks for his shadow in PunxsutawneyGROUNDHOG
84.9%
National park that features 'Old Faithful'YELLOWSTONE
81.7%
Competitive broom-riding sport created by J.K. RowlingQUIDDITCH
80.2%
Cassiopeia or Ursa Major, e.g.CONSTELLATION
80.2%
Square root of 2,500FIFTY
79.4%
What 'JV' stands for in high school athleticsJUNIOR VARSITY
77.2%
What one is searching for when consulting a thesaurusSYNONYM
76.2%
Inflammation of the jointsARTHRITIS
75.3%
Clue Answer % Correct
Nathaniel who wrote 'The Scarlet Letter'HAWTHORNE
74.4%
Ancient city with famed hanging gardensBABYLON
71.7%
Darth Vader's birth nameANAKIN SKYWALKER
71.1%
Indian currencyRUPEE
71%
Greek physician who has an oath named for himHIPPOCRATES
69.5%
Collective name for Norway, Sweden and DenmarkSCANDINAVIA
62.2%
Japanese automaker with the slogan 'Zoom-zoom'MAZDA
60.1%
Extremely flexible circus performer CONTORTIONIST
50.8%
Common name for Mercury (Hg)QUICKSILVER
45.2%
To charge a public official with misconduct or wrongdoingIMPEACH
43.1%
Successor to John Quincy AdamsANDREW JACKSON
39.2%
1968, in Roman numeralsMCMLXVIII
36.5%
Worker who crosses the picket lines; a scabSTRIKEBREAKER
16.1%

You're not logged in!

Compare scores with friends on all Sporcle quizzes.
Sign Up with Email
OR
Log In

You Might Also Like...

Show Comments

Extras

Top Quizzes Today


Score Distribution

Your Account Isn't Verified!

In order to create a playlist on Sporcle, you need to verify the email address you used during registration. Go to your Sporcle Settings to finish the process.